000 01674nam a22002537a 4500
003 Uzh_bibl
008 260417b |||||||| |||| 00| 0 ukr d
020 _c9,00
040 _bукр.
041 _2ukr
_aukr
080 _a821.161.2
090 _a821.161.2
_bЛ-15
100 _aЛадижець, Володимир
245 _aКриниця
_cХудож. Н.С. Пономаренко
_hТекст
260 _aУжгород
_b"Карпати"
_c1987
300 _a93 с.
_bіл.
_fВ опр.
520 _aДо книги ввійшли кращі дитячі вірші автора. Маленькі герої його творів — не споглядачі праці дорослих, а завжди її активні учасники: вони копають грядки, вирощують овочі і квіти, допомогають старшим працювати на тракторі, розчищають снігові замети на дорогах, ремонтують одяг — усього не перелічиш. Усі вони, відкриваючи світ, осягаючи його первозданність, вчаться любові до отчої землі — до Батьківщини.
521 _aДля широкого кола читачів
546 _aукр.
650 _aЛітературно-художнє видання
_xЛітературно-художнє видання
653 _aТелеграма
_aВітер
_aМлин
655 _aХудожня література
_vВірші, небилиці, пригоди, казочки і казки
942 _2udc
_cBK
999 _c17368
_d17368